Fiercely The Dutee Chand Story Female/ (Record no. 185843)

MARC details
000 -LEADER
fixed length control field 00620nam a22001817a 4500
005 - DATE AND TIME OF LATEST TRANSACTION
control field 20220210140743.0
010 ## - LCCN (DPL NO)
LC control number ENG-131499
020 ## - INTERNATIONAL STANDARD BOOK NUMBER
International Standard Book Number 9789390679300
Terms of availability 399.00
035 ## - SYSTEM CONTROL NUMBER
System control number EN-115031
037 ## - SOURCE OF ACQUISITION
Source of stock number/acquisition DBAD
082 ## - DEWEY DECIMAL CLASSIFICATION NUMBER
Classification number 796.422092
100 ## - MAIN ENTRY--PERSONAL NAME
Personal name Misra, Sundeep
245 ## - TITLE STATEMENT
Title Fiercely The Dutee Chand Story Female/
Statement of responsibility, etc Sundeep Misra
260 ## - PUBLICATION, DISTRIBUTION, ETC. (IMPRINT)
Place of publication, distribution, etc Chennai
Name of publisher, distributor, etc Westland Publication Private Limited
Date of publication, distribution, etc 2021
270 ## - ADDRESS
Address 1st Floor, A Block, East Wing, Plot No. 40 SP infocity, Dr. MGR Salai, Pergudi, Kandanchavadi
City Chennai
Postal code 600096
300 ## - PHYSICAL DESCRIPTION
Extent ix, 156p.
Dimensions 20cm(pbk)
942 ## - ADDED ENTRY ELEMENTS (KOHA)
Source of classification or shelving scheme Dewey Decimal Classification
Item type English Books
Classification part 796.422092
Call number suffix MIS
Holdings
Withdrawn status Lost status Not for loan Collection code Home library Current library Date acquired Source of acquisition Cost, normal purchase price Full call number Barcode Copy number Cost, replacement price Koha item type
      Non-fiction Bawana Bawana 10/02/2022 DBAD/PUB 399.00 796.422092 MIS EN-115031 1 399.00 English Books

© Delhi Public Library
Hit Counter
free hit counter